|
|
|
|
| LEADER |
00000nam a2200000 a 4500 |
| 001 |
UCZ5082 |
| 003 |
CL-VaPUC |
| 008 |
951116e19140000CL |||||||||||||||||spa|d |
| 082 |
0 |
4 |
|a 863
|b BLA
|2 21
|
| 100 |
|
|
|a Blasco Ibáñez, Vicente
|e author
|9 348890
|
| 245 |
1 |
0 |
|a Oriente
|
| 300 |
|
|
|a 305 p
|
| 942 |
|
|
|c BK
|
| 945 |
|
|
|d 19951116 00:00:00
|a rleighto
|
| 260 |
|
|
|a Valparaíso
|b Universo
|c 1914
|
| 650 |
|
0 |
|a Novelas españolas
|9 265052
|
| 583 |
|
|
|a last modification
|c 19951116 00:00:00
|k Rodrigo Vera
|
| 999 |
|
|
|c 241409
|d 241407
|
| 952 |
|
|
|0 0
|1 0
|4 0
|6 863_000000000000000_BLA_1914
|7 0
|8 A
|9 253723
|a BIBEDU
|b BIBEDU
|d 2019-11-19
|i 315047K
|o 863 BLA 1914
|p 315047K
|r 2019-11-19
|w 2019-11-19
|y BK
|k LIT
|